| 000 | 01958nam a2200241Ia 4500 | ||
|---|---|---|---|
| 003 | Ost | ||
| 005 | 20260507074941.0 | ||
| 008 | 260507s9999||||xx |||||||||||||| ||und|| | ||
| 020 | _a9789957463465 | ||
| 040 | _cfsecg | ||
| 041 | _aara | ||
| 082 | _a658.401 | ||
| 100 |
_aالفاعوري، محمد عيسى _eمؤلف |
||
| 245 | 0 |
_aالادارة بالرقابة / _c محمد عيسى الفاعوري |
|
| 246 | _aadministrative control | ||
| 260 |
_aعمان: _bدار الكنوز المعرفة, _c2008 |
||
| 300 |
_a286 صفحة؛ _bإيضاحات ؛ _c24 سم |
||
| 504 | _aبيبليوغرافيا ص. 283 | ||
| 520 | _aيحتوي الكتاب على المحاور التالية: مفهوم الرقابة الإدارية و عناصرها و اهميتها و أهدافها، أنواع الرقابة،عملية الرقابة في الإدارة، أساليب الرقابة في الإدارة العامة، أجهزة الرقابة الداخلية ووحدات الرقابة الداخلية و ديوان الخدمة المدنية في الأردن، الفساد الإداري و دور الحكومة في الحد منه في الأردن،مبدا شرعية الرقابة، الرقابة و المسؤولية وأخلاقيات الوظيفة العامة، علاج مشكلة المسؤولية و المساءلة و الرقابة ، الرقابة على المؤسسات العامة، دور المعلومات في الرقابة الإدارية، مفهوم اللامركزية في الإدارة التربوية، الإصلاحات الإدارية في الأمم المتحدةن الفساد هل يتقلص أم يزداد في الوطن العربي، تشريعات الصحافة العربية بين ثقافة حقوق الإنسان و ثورة الإتصالات الدولية. | ||
| 653 | _aادارة الاعمال | ||
| 653 | _aادارة مشاريع | ||
| 942 | _cكتاب | ||
| 999 |
_c41930 _d41930 |
||